000 00637nam a22002297a 4500
003 UA-OsUOA
001 46548
007 ta
008 20070626b un ||||| |||| 00| 0 ukr d
100 _aТупицын Ю.
090 _a821.161.1
_bТ85
942 _cBK
040 _aUA-OsUOA
_brus
_cUA-OsUOA
_dUA-OsUOA
245 _aВ дебрях дальгея
_bнаучно-фантастический роман
300 _a205 с.
955 _a2
041 _arus
080 _a821.161.1
260 _aМ.
_bВОЛГРАД
_c1989
650 7 _a82 Література. Літературознавство
_2UDC
999 _c332640
_d332640